Mátraverebély-Szentkút és Máriapócs helyzete a vallási turizmusban
| Szerző: | |
|---|---|
| További közreműködők: | |
| Dokumentumtípus: | Diplomadolgozat |
| Kulcsszavak: | kegyhelyek Máriapócs Mátraverebély vallás zarándoklat |
| Online Access: | http://dolgozattar.uni-bge.hu/59996 |
MARC
| LEADER | 00000nta a2200000 i 4500 | ||
|---|---|---|---|
| 001 | dolg59996 | ||
| 005 | 20260409145840.0 | ||
| 008 | 260409suuuu hu om 000 hun d | ||
| 040 | |a BGE Dolgozattár Repozitórium |b hun | ||
| 041 | |a hu | ||
| 100 | 1 | |a Szabados Adél | |
| 245 | 1 | 0 | |a Mátraverebély-Szentkút és Máriapócs helyzete a vallási turizmusban |c Szabados Adél |h [elektronikus dokumentum] |
| 520 | 3 | |a Dolgozatom központi témája két kiemelkedő magyarországi búcsújáróhely, Mátraverebély-Szentkút és Máriapócs vallási és turisztikai szerepének vizsgálata. A kutatás célja annak feltárása volt, hogy milyen tényezők határozzák meg e kegyhelyek vallási jelentőségét és turisztikai vonzerejét, valamint hogy ezek hogyan fejlődtek az elmúlt évtizedekben. A szekunder kutatás keretében áttekintettem a magyarországi búcsújárás történeti hátterét, a kegyhelyek infrastrukturális és turisztikai sajátosságait, míg a primer kutatás során mélyinterjúkat készítettem egy ott dolgozóval és egy zarándokkal. A két helyszín összehasonlító elemzésével rávilágítottam az erősségekre, fejlesztési lehetőségekre és a turizmus aktuális kihívásaira. A dolgozat végén javaslatokat fogalmaztam meg a búcsúhelyek turisztikai jelentőségének fenntartható növelésére, különös figyelmet fordítva az infrastruktúra fejlesztésére, a látogatószám növelésére és a vallási értékek megőrzésére. | |
| 695 | |a kegyhelyek | ||
| 695 | |a Máriapócs | ||
| 695 | |a Mátraverebély | ||
| 695 | |a vallás | ||
| 695 | |a zarándoklat | ||
| 700 | 1 | |a Hanusz Dr. Árpád |e ths | |
| 856 | 4 | 0 | |u http://dolgozattar.uni-bge.hu/59996/1/Szakdolgozat_Szabados_Ad%C3%A9l_D49DEY_%20%282%29.pdf |z Dokumentum-elérés |
| 856 | 4 | 0 | |u http://dolgozattar.uni-bge.hu/59996/2/SZABADOS_A_OPPONENSI.pdf |z Dokumentum-elérés |
| 856 | 4 | 0 | |u http://dolgozattar.uni-bge.hu/59996/3/7%20SZABADOS%20%20AD%C3%89L.pdf |z Dokumentum-elérés |